Windows 7: the best of the official magazine : (Record no. 39257)

MARC details
000 -LEADER
fixed length control field 00823nam a22002177a 4500
005 - DATE AND TIME OF LATEST TRANSACTION
control field 20100804142759.0
010 ## - LCCN (DPL NO)
LC control number ENG-98174
020 ## - INTERNATIONAL STANDARD BOOK NUMBER
International Standard Book Number 9788120341197
Terms of availability 350.00
035 ## - SYSTEM CONTROL NUMBER
System control number EN-81707
037 ## - SOURCE OF ACQUISITION
Source of stock number/acquisition DBAD/PUB
082 ## - DEWEY DECIMAL CLASSIFICATION NUMBER
Classification number 005.43769
245 ## - TITLE STATEMENT
Title Windows 7: the best of the official magazine :
Remainder of title a real-life guide to getting more done /
260 ## - PUBLICATION, DISTRIBUTION, ETC. (IMPRINT)
Place of publication, distribution, etc New Delhi
Name of publisher, distributor, etc PHI Learning
Date of publication, distribution, etc 2010
270 ## - ADDRESS
Address M-97, Connaught Circus
City New Delhi
Postal code 110001
300 ## - PHYSICAL DESCRIPTION
Extent ix,213p.
Other physical details ill.
Dimensions 26cm (pbk)
500 ## - GENERAL NOTE
General note Includes index
650 ## - SUBJECT ADDED ENTRY--TOPICAL TERM
Topical term or geographic name as entry element Microdoft windows (computer file)
650 ## - SUBJECT ADDED ENTRY--TOPICAL TERM
Topical term or geographic name as entry element Operating systems (computer)
942 ## - ADDED ENTRY ELEMENTS (KOHA)
Source of classification or shelving scheme Dewey Decimal Classification
Item type English Books
Classification part 005.43769
Call number suffix WIN
Holdings
Withdrawn status Lost status Not for loan Collection code Home library Current library Date acquired Source of acquisition Cost, normal purchase price Full call number Barcode Copy number Cost, replacement price Koha item type
    Not For Loan Non-fiction D.B.Act.Division D.B.Act.Division 04/08/2010 DBAD/PUB 350.00 005.43769 WIN EN-81707 1 350.00 English Books

© Delhi Public Library
Hit Counter
free hit counter